Young American Heart - Benson Boone - lyrics - Statistics

General Stats
  • This quiz has been taken 29 times
  • The average score is 198 of 273
Answer Stats
Answer % Correct
a
100%
you
100%
You
100%
American
93%
American-
93%
I
93%
I,
93%
young
93%
and
86%
And
86%
the
86%
to
86%
we
86%
We
86%
(we
86%
were
86%
We're
86%
we're
86%
at
79%
car
79%
day
79%
die
79%
drive
79%
gonna
79%
If
79%
I'm
79%
learned
79%
me
79%
night
79%
remember
79%
sixteen
79%
stole
79%
this
79%
time
79%
be
71%
daddy's
71%
down
71%
ever
71%
final
71%
have
71%
heart
71%
heart,
71%
just
71%
killed
71%
nearly
71%
only
71%
road
71%
us
71%
was
71%
your
71%
are
64%
as
64%
fine
64%
I'd
64%
in
64%
long
64%
mile
64%
motion
64%
slow
64%
wherever
64%
all
57%
both
57%
floating
57%
half
57%
it
57%
make
57%
my
57%
my,
57%
My
57%
sense
57%
So
57%
so
57%
upside
57%
we'd
57%
again
50%
free
50%
free)
50%
made
50%
moving
50%
nothing,
50%
nothing
50%
twenties
50%
wild
50%
been
43%
country
43%
crazy
43%
for
43%
left
43%
lose
43%
our
43%
scared
43%
two
43%
'Cause
36%
'cause
36%
get
36%
it's
36%
living
36%
never
36%
now,
36%
since
36%
some
36%
times
36%
Well,
36%
we'll
36%
Yeah,
36%
years
36%
through
29%
No matching quizzes found
Score Distribution
Percent of People with Each Score
Percentile by Number Answered
Your Score History
You have not taken this quiz